Eastern Utah Libraries Catalog: Duchesne, Heber, Roosevelt, & Vernal

Fuzzy / (Record no. 293295)

MARC details
000 -LEADER
fixed length control field 02179cam a22005298i 4500
001 - CONTROL NUMBER
control field ocn938991003
003 - CONTROL NUMBER IDENTIFIER
control field OCoLC
005 - DATE AND TIME OF LATEST TRANSACTION
control field 20200320200713.0
008 - FIXED-LENGTH DATA ELEMENTS--GENERAL INFORMATION
fixed length control field 160525s2016 nyu c 000 1 eng
010 ## - LIBRARY OF CONGRESS CONTROL NUMBER
LC control number 2016012399
020 ## - INTERNATIONAL STANDARD BOOK NUMBER
International Standard Book Number 9781419721229
Qualifying information (hardback)
020 ## - INTERNATIONAL STANDARD BOOK NUMBER
International Standard Book Number 1419721224
Qualifying information (hardback)
029 1# - (OCLC)
OCLC library identifier AU@
System control number 000057551763
035 ## - SYSTEM CONTROL NUMBER
System control number (OCoLC)938991003
040 ## - CATALOGING SOURCE
Original cataloging agency DLC
Language of cataloging eng
Description conventions rda
Transcribing agency DLC
Modifying agency YDXCP
-- BDX
-- BTCTA
-- OCLCO
-- OCLCQ
-- IUK
-- IK2
-- OCLCO
-- IUL
-- VP@
-- IUL
-- OCLCO
-- WACOL
042 ## - AUTHENTICATION CODE
Authentication code lcac
-- pcc
049 ## - LOCAL HOLDINGS (OCLC)
Holding library WACL
050 00 - LIBRARY OF CONGRESS CALL NUMBER
Classification number PZ7.A585
Item number Fu 2016
082 00 - DEWEY DECIMAL CLASSIFICATION NUMBER
Classification number [Fic]
Edition number 23
084 ## - OTHER CLASSIFICATION NUMBER
Classification number JUV019000
-- JUV036000
-- JUV000000
Source of number bisacsh
092 ## - LOCALLY ASSIGNED DEWEY CALL NUMBER (OCLC)
Classification number junior fiction
Item number Ang
100 1# - MAIN ENTRY--PERSONAL NAME
Personal name Angleberger, Tom,
Relator term author.
9 (RLIN) 5881889
245 10 - TITLE STATEMENT
Title Fuzzy /
Statement of responsibility, etc Tom Angleberger & Paul Dellinger.
264 #1 - Production, Publication, Distribution, Manufacture, and Copyright Notice.
Place of production, publication, distribution, manufacture New York :
Name of producer, publisher, distributor, manufacturer Amulet Books,
Date of production, publication, distribution, manufacture, or copyr 2016.
300 ## - PHYSICAL DESCRIPTION
Extent 265 pages ;
Dimensions 21 cm
336 ## - Content Type
Content type term text
337 ## - Media type
Media type term unmediated
338 ## - Carrier type
Carrier type term volume
520 ## - SUMMARY, ETC.
Summary, etc When Max (Maxine Zealster) befriends her new robot classmate Fuzzy, she helps him navigate Vanguard Middle School and together they reveal the truth behind the Robot Integration Program.
521 ## - TARGET AUDIENCE NOTE
Target audience note junior fiction
Source amazon
650 #0 - SUBJECT ADDED ENTRY--TOPICAL TERM
Topical term or geographic name as entry element Robots
Form subdivision Juvenile fiction.
9 (RLIN) 5680206
650 #0 - SUBJECT ADDED ENTRY--TOPICAL TERM
Topical term or geographic name as entry element Middle schools
Form subdivision Juvenile fiction.
9 (RLIN) 5675274
650 #0 - SUBJECT ADDED ENTRY--TOPICAL TERM
Topical term or geographic name as entry element Schools
Form subdivision Juvenile fiction.
9 (RLIN) 5919645
650 #0 - SUBJECT ADDED ENTRY--TOPICAL TERM
Topical term or geographic name as entry element Secrecy
Form subdivision Juvenile fiction.
9 (RLIN) 5673924
650 #7 - SUBJECT ADDED ENTRY--TOPICAL TERM
Topical term or geographic name as entry element JUVENILE FICTION
General subdivision Humorous Stories.
Source of heading or term bisacsh
9 (RLIN) 5711296
650 #7 - SUBJECT ADDED ENTRY--TOPICAL TERM
Topical term or geographic name as entry element JUVENILE FICTION
General subdivision Science & Technology.
Source of heading or term bisacsh
9 (RLIN) 5768178
650 #7 - SUBJECT ADDED ENTRY--TOPICAL TERM
Topical term or geographic name as entry element JUVENILE FICTION
General subdivision General.
Source of heading or term bisacsh
9 (RLIN) 5784664
700 1# - ADDED ENTRY--PERSONAL NAME
Personal name Dellinger, Paul,
Dates associated with a name 1938-
Relator term author.
9 (RLIN) 5919647
776 08 - ADDITIONAL PHYSICAL FORM ENTRY
Display text Online version:
Main entry heading Angleberger, Tom, author.
Title Fuzzy.
Place, publisher, and date of publication New York : Amulet Books, 2016
International Standard Book Number 9781613120484
Record control number (DLC) 2016024548
938 ## -
-- Brodart
-- BROD
-- 114847789
938 ## -
-- Baker and Taylor
-- BTCP
-- BK0018380171
938 ## -
-- YBP Library Services
-- YANK
-- 12841620
942 ## - ADDED ENTRY ELEMENTS (KOHA)
Koha item type BOOK
948 ## - LOCAL PROCESSING INFORMATION (OCLC); SERIES PART DESIGNATOR (RLIN)
Series part designator, SPT (RLIN) 09/14/2016
z (OCLC) Sirsi
994 ## -
-- C0
-- WACOL
996 ## -
-- 133866
-- 34301001328667
-- J
-- bk
-- wcl
-- i
-- 8
-- 14.95
-- amazon
-- Ang
-- 09/15/2016
-- 03/14/2020
-- 02/01/2020
Holdings
Withdrawn status Lost status Source of classification or shelving scheme Damaged status Not for loan Collection code Home library Current library Shelving location Date acquired Source of acquisition Cost, normal purchase price Total Checkouts Total Renewals Full call number Barcode Date last seen Date checked out Cost, replacement price Price effective from Koha item type
    Dewey Decimal Classification     Junior Fiction Wasatch County Library Wasatch County Library Main Floor Junior Area 09/15/2016 Amazon 14.95 15 5 J Angleberger 34301001328667 02/23/2024 07/26/2023 14.95 03/20/2020 BOOK
This project was made possible through a grant from the Institute of Museum and Library Service administered by the Utah State Library Division.

Wasatch County Library

  • 465 East 1200 South, Heber City, Utah 84032
  • Phone 435-654-1511 | Fax 435-654-6456

Hours

  • Monday - Friday 9:30 AM - 8:00 PM
  • Saturday 9:30 AM - 1:30 PM
  • Closed Sundays and Holidays